Statistics for Harry Styles

Click here to take the quiz!

General Stats

  • This quiz has been taken 1,646 times
  • The average score is 8 of 47

Answer Stats

Hint Answer % Correct
Born inHolmes Chapel
60%
Is he oldest, second oldest, middle, second youngest, or youngest in the band?Youngest
49%
NicknameHazza
42%
Who did Harry set Louis up with?Eleanor Calder
38%
Harry likes ______ women (fill in the blank)older
37%
What is Harry's seccret talent?Juggling
37%
What is Harry's Bromance name with Liam?Lirry
37%
What is Harry's bromance name with Louis?Larry Stylinson
35%
What is Harry's favorite food?Tacos
32%
Older lady he datedCaroline Flack
31%
What is Harry's Bromance name with Niall?Narry
31%
Was is mutual?yes
30%
Who was Harry's roomate?Louis Tomlinson
30%
Have they discussed it?yes
30%
What band was Harry in before One Direction?White Eskimo
28%
What did Harry get hit in the face with at a concert?a tampon
27%
What would Harry shave his head for?charity
23%
What was Harry's childhood hamster's name?hamster
22%
Who was Harry first crush?Louis Tomlinson
22%
How does Harry talk?slowly
18%
What is Harry's biggest turn off?spitting
17%
Horan the world?Curls
11%
Harry looks like a baby what, when his hair is wet?Tarzan
11%
If Harry could be any piece of furniture, what would he be?A bed
9%
Where did Harry work before the X Factor?A bakery
9%
Who do the boys fancy?His mum
9%
Who ripped open Harry's shirt during his solo?Zayn and Liam
8%
What is Harry's other tattoo, besides the star?hi
8%
To whom did Harry say "think of how much p***y you're going to get" on Live TV?Matt Cardle
8%
His signature style (from UAN tour)Blazer
8%
What band T-shirt is he often seen wearing?Ramones
8%
What is Harry's role in the band?the flirt
7%
What is Harry's fictional twin brother's name?Edward
7%
Who was Harry rumored to be playing in a movie?Mick Jagger
7%
What is his worst habit?getting naked all the time
6%
Which talk show host showed a picture of Harry wearing his mother's bra as a child?Alan Carr
6%
Who would Harry definitely have snogged at the Brit awards?Adele
6%
What has Harry said about the beanie rumor?It is untrue
6%
What strange quirk does Harry have?4 nipples
5%
What Disney movie did Harry tweet about saying he honestly thought it was one of the best films ever made?The Lion King
5%
"Why do you hate me? ____ ____ _ ____?" (fill in the blank)What have I done
4%
What does Harry to that annoys the other boys?steal their food
2%
"We owe all our career to __________" (fill in the blank)electricity
2%
NicknameHolmes Chapel Homie
1%
Why would he be thispeople have a good time on beds
1%
What did Harry choke on in an interview?blueberry
1%
What do the people who throw things at girls outside of Harry's house call themselves?They call themselves the Harry Styles Defense League
0%

Score Distribution

Percentile by Number Answered

Percent of People with Each Score

Your Score History

You have not taken this quiz